000 00490nam a2200193Ia 4500
003 OSt
005 20230415112600.0
008 210423s1989 xx 000 0 und d
040 _cAL
041 _aeng
082 _a306.85
_223
_bREAH
100 _aReaders digest guide
_988790
245 _aHappy families
260 _aBombay
_bRDI Print andf publishing Pvt. Ltd
_c1989
300 _a304
_bPB
650 _aMarriage & Family
_988791
906 _afamilies ; Happy
942 _2ddc
_cBK
999 _c169989
_d169989